Matemática 3º básico: texto del estudiante
Zapisane w:
| Główni autorzy: | , , , , , , , , , , , |
|---|---|
| Format: | Książka |
| Język: | hiszpański |
| Wydane: |
Santiago
Pearson Educación de Chile
2014
|
| Wydanie: | 1a. ed |
| Hasła przedmiotowe: | |
| Etykiety: |
Dodaj etykietę
Nie ma etykietki, Dołącz pierwszą etykiete!
|
MARC
| LEADER | 00000cam a2200000 a 4500 | ||
|---|---|---|---|
| 001 | UCD9896 | ||
| 003 | CL-VaPUC | ||
| 008 | 170709e20140000cl |||||||||||||||||spa|d | ||
| 020 | |a 9789563432800 | ||
| 082 | 0 | 4 | |a 372.7 |b CHA |2 21 |
| 100 | 0 | |a Charles, Randall I |e author |9 593753 | |
| 700 | 0 | |a Caldwell, Janet H |e author |9 593754 | |
| 700 | 0 | |a Cavanagh, Mary |e author |9 593755 | |
| 700 | 0 | |a Chancellor, Dinah |e author |9 593756 | |
| 700 | 0 | |a Copley, Juanita V |e author |9 593757 | |
| 700 | 0 | |a Crown, Warren D |e author |9 593758 | |
| 700 | 0 | |a Fennell, Francis |e author |9 593759 | |
| 700 | 0 | |a Ramírez, Alma B |e author |9 593760 | |
| 700 | 0 | |a Sammons, Kay B |e author |9 593761 | |
| 700 | 0 | |a Schielack, Jane F |e author |9 593762 | |
| 700 | 0 | |a Tate, William |e author |9 593763 | |
| 700 | 0 | |a Walle, John A. Van del |e author |9 593764 | |
| 245 | 1 | 0 | |a Matemática 3º básico: texto del estudiante |
| 250 | |a 1a. ed | ||
| 300 | |a 288 p | ||
| 942 | |c BK | ||
| 945 | |d 20170709 17:01:00 |a arojas | ||
| 260 | |a Santiago |b Pearson Educación de Chile |c 2014 | ||
| 650 | 0 | |a Matemáticas |x Enseñanza |9 875527 | |
| 650 | 0 | |a Educación básica |9 224933 | |
| 650 | 0 | |a Textos escolares |9 382843 | |
| 650 | 0 | |a Libros de texto |9 270019 | |
| 583 | |a last modification |c 20170709 17:01:00 |k Rodrigo Vera | ||
| 999 | |c 368908 |d 368906 | ||
| 952 | |0 0 |1 0 |3 erb |4 0 |6 372_700000000000000_CHA_2014 |7 0 |8 A |9 484383 |a BIBEDU |b BIBEDU |i 5405548 |o 372.7 CHA 2014 |p 5405548 |r 2019-11-24 |w 2019-11-24 |y BK |z Catalogado en:20170709 |k EPE | ||